000 00210nam a22000857a 4500
999 _c11836
_d11836
008 200227b ||||| |||| 00| 0 eng d
020 _a9780394874715
100 _aCole Joanna
_97508
245 _aHungry, Hungry Sharks